|
|
|
|
| LEADER |
01183nam a2200325 4500 |
| 001 |
DLU180188978 |
| 005 |
##20181207 |
| 020 |
# |
# |
|a 9786048923990
|
| 040 |
# |
# |
|a DLU
|b vie
|
| 041 |
# |
# |
|a viekor
|
| 044 |
# |
# |
|a vn
|
| 082 |
# |
# |
|a 495.783
|b TH-H
|
| 100 |
# |
# |
|a Thái Hòa.
|
| 245 |
# |
# |
|a Giao tiếp Hàn - Việt trong cuộc sống thường ngày /
|c Thái Hòa, Mỹ Trinh.
|
| 260 |
# |
# |
|a H. :
|b Hồng Đức,
|c 2018.
|
| 300 |
# |
# |
|a 205 tr. ;
|c 21 cm.
|
| 505 |
# |
# |
|a Bài 1. Chào hỏi -- Bài 2. Ngày, tháng, năm -- Bài 3. Hỏi, đáp -- Bài 4. Giao tiếp -- Bài 5. Thời tiết, môi trường, quang cảnh -- Bài 6. Giao thông -- Bài 7. Ăn uống -- Bài 8. Mua sắm -- Bài 9. Du lịch -- Bài 10. Liên lạc -- Bài 11. Ngân hàng -- Bài 12. Bệnh -- Bài 13. Đàm thoại với các tình huống thường gặp.
|
| 650 |
# |
# |
|a Tiếng Hàn Quốc
|x Sách thành ngữ và đàm thoại.
|
| 700 |
# |
# |
|a Mỹ Trinh.
|
| 923 |
# |
# |
|a 05/2018
|
| 991 |
# |
# |
|a SH
|
| 992 |
# |
# |
|a 75000
|
| 994 |
# |
# |
|a DLU
|
| 900 |
# |
# |
|a True
|
| 911 |
# |
# |
|a Nguyễn Thanh Hương
|
| 925 |
# |
# |
|a G
|
| 926 |
# |
# |
|a A
|
| 927 |
# |
# |
|a SH
|
| 980 |
# |
# |
|a Thư viện Trường Đại học Đà Lạt
|